000 01175 a2200229 4500
001 24348
005 20260407155527.0
008 260407a2009 arg spa d
003 AR-UNSa-BCEJYS
040 _aAR-UNSa-BCEJYS
_bspa
_cAR-UNSa-BCEJYS
080 _a174
_xEtica Profesional
245 1 0 _aEtica empresarial
_pen el núcleo de la estrategia corporativa
020 _a978-987-1486-13-7
264 1 _aBuenos Aires :
_bCengage Learning
_c2009
300 _a224 p.
_c24 cm.
505 _a1. Origen y desarrollo de la ética empresarial - 2. La responsabilidad social empresaria - 3. Cuestiones éticas relacionadas con los accionistas - 4. Cuestiones éticas en torno a los empleados - 5. Cuestiones éticas relacionadas con el mercado - 6. Cuestiones éticas relacionadas con la publicidad - 7. Cuestiones éticas en torno a contabilidad y finanzas - 8. Actuación en entornos corruptos - 9. La gestión de la ética en la empresa
041 _aspa
942 _cBK
590 _aniveau_biblio:m niveau_hierar:0
100 1 _aDebeljuh, Patricia
856 4 1 _uhttps://biblioeco.unsa.edu.ar/pmb/images/libros/?tica Empresarial (2011).jpg
_yImagen de portada
_qimage/jpeg
999 _c1177
_d1177